[Event "Forchheim op 10th"]
[Site "Forchheim"]
[Date "2011.10.08"]
[Round "3"]
[White "Neiss, Albrecht"]
[Black "Winkler, Thorsten"]
[Result "0-1"]
[WhiteElo "1695"]
[BlackElo "2048"]
[PlyCount "96"]
[EventDate "2011.10.07"]
[EventType "swiss"]
[EventRounds "5"]
[EventCountry "GER"]
[SourceTitle "CBM 144 Extra"]
[Source "ChessBase"]
[SourceDate "2011.10.28"]
[SourceVersion "1"]
[SourceVersionDate "2011.10.28"]
[SourceQuality "1"]

1. d4 d5 2. c4 e6 3. Nc3 Nf6 4. cxd5 exd5 5. Bg5 Be7 6. e3 0-0 7. Bd3 c6 8. Nge2 Nh5 9. Bxe7 Qxe7 10. Qc2 Nf6 11. 0-0-0 c5 12. dxc5 Qxc5 13. Nxd5 Qxc2+ 14. Bxc2 Nxd5 15. Rxd5 Be6 16. Rh5 g6 17. Rb5 Bc4 18. Nc3 Bxb5 19. Nxb5 Nc6 20. h4 Rac8 21. Kb1 Rfd8 22. Rd1 Rxd1+ 23. Bxd1 Rd8 24. Nc3 Rd2 25. Be2 Ne5 26. Kc1 Rd8 27. Kc2 h5 28. f3 Rc8 29. g4 Nc4 30. e4 Ne3+ 31. Kb3 Ng2 32. gxh5 gxh5 33. Nd5 Kg7 34. f4 Nxh4 35. Bxh5 Re8 36. e5 Ng6 37. Kc4 Rh8 38. Bxg6 Kxg6 39. Ne7+ Kg7 40. f5 Rh2 41. f6+ Kf8 42. Kc5 Rxb2 43. Kd6 Rxa2 44. Nd5 Rd2 45. e6 Rxd5+ 46. Kxd5 fxe6+ 47. Kxe6 a5 48. Kd6 Kf7 0-1

[Event "Staufer op 21st"]
[Site "Schwaebisch Gmuend"]
[Date "2009.01.02"]
[Round "2"]
[White "Winkler, Thorsten"]
[Black "Pribyl, Josef"]
[Result "0-1"]
[WhiteElo "2058"]
[BlackElo "2343"]
[PlyCount "90"]
[EventDate "2009.01.02"]
[EventType "swiss"]
[EventRounds "9"]
[EventCountry "GER"]
[SourceTitle "CBM 128 Extra"]
[Source "ChessBase"]
[SourceDate "2009.03.05"]
[SourceVersion "2"]
[SourceVersionDate "2009.03.25"]
[SourceQuality "1"]

1. e4 d6 2. d4 Nf6 3. Nc3 g6 4. g3 Bg7 5. Bg2 0-0 6. Nge2 e5 7. 0-0 Nbd7 8. h3 c6 9. a4 Re8 10. d5 cxd5 11. Nxd5 Nxd5 12. Qxd5 Nf6 13. Qd3 Be6 14. c4 Qc8 15. b3 Bxh3 16. Nc3 Bf8 17. Bg5 Nh5 18. Rfd1 Bg4 19. Bf3 h6 20. Bc1 Nf6 21. Ba3 Rd8 22. Kg2 Bh3+ 23. Kg1 a6 24. Bg2 Be6 25. Rd2 Qc7 26. Qc2 Qb6 27. Rad1 h5 28. Rd3 Rac8 29. R1d2 Rc6 30. Qd1 Bh6 31. Rb2 Rd7 32. Bf3 Qd8 33. Kg2 Kg7 34. Na2 Ne8 35. Nb4 Rc8 36. Nd5 b5 37. axb5 axb5 38. cxb5 Qa5 39. b4 Qxb5 40. Nc3 Qa6 41. Nd5 Rc1 42. Qb3 Nf6 43. b5 Qb7 44. Ra2 Rc8 45. Ra1 Bxd5 0-1